[Event "Wch U18 Girls"]
[Site "Montesilvano"]
[Date "2023.11.20"]
[Round "7"]
[White "Cornileau, Juliette"]
[Black "Egger, Stefanie"]
[Result "1-0"]
[WhiteElo "2089"]
[BlackElo "1784"]
[PlyCount "81"]
[EventDate "2023.11.13"]
[EventType "swiss"]
[EventRounds "11"]
[EventCountry "ITA"]
[SourceTitle "CB48_2023"]
[SourceDate "2023.11.29"]
[SourceVersion "1"]
[SourceVersionDate "2023.11.29"]
[SourceQuality "1"]

1. d4 d5 2. c4 e6 3. Nc3 a6 4. cxd5 exd5 5. Bf4 Nf6 6. e3 Bd6 7. Bg5 c6 8. Bd3 0-0 9. Nge2 Nbd7 10. f3 Qc7 11. e4 dxe4 12. fxe4 Bb4 13. a3 Ba5 14. e5 Nd5 15. 0-0 Nxc3 16. bxc3 c5 17. Nf4 Nxe5 18. Bxh7+ Kxh7 19. Nd5 Ng6 20. Nxc7 Bxc7 21. h4 cxd4 22. cxd4 Kg8 23. h5 Nh8 24. Qf3 Bb6 25. Rad1 Be6 26. Be3 Bc4 27. Rf2 Rfe8 28. Rb2 Bd8 29. Rxb7 Bf6 30. d5 Rad8 31. d6 Bb5 32. Qf2 Bc6 33. Rc7 Bb5 34. Ra7 Re6 35. d7 Re7 36. Bb6 Rexd7 37. Raxd7 Rxd7 38. Rxd7 Bxd7 39. Qc2 g6 40. h6 Bg5 41. Bd4 1-0

[Event "AUT-ch U18 Girls"]
[Site "St Veit"]
[Date "2022.04.12"]
[Round "4"]
[White "Vicze, Zsofia"]
[Black "Egger, Stefanie"]
[Result "1/2-1/2"]
[WhiteElo "1746"]
[BlackElo "1761"]
[PlyCount "60"]
[EventDate "2022.04.10"]
[EventType "tourn"]
[EventRounds "5"]
[EventCountry "AUT"]
[SourceTitle "EXT 2023"]
[Source "ChessBase"]
[SourceDate "2022.10.05"]
[SourceVersion "1"]
[SourceVersionDate "2022.10.05"]
[SourceQuality "1"]

1. e4 c5 2. c4 Nc6 3. Nc3 e5 4. g3 d6 5. Bg2 Be7 6. Nge2 Be6 7. d3 Qd7 8. Nd5 f5 9. a3 Nf6 10. 0-0 0-0 11. Bd2 fxe4 12. dxe4 Bh3 13. Nec3 Bd8 14. f4 Bg4 15. Bf3 Bxf3 16. Rxf3 Nd4 17. Rf1 Qh3 18. Nxf6+ Bxf6 19. Nd5 exf4 20. Bxf4 Be5 21. Bxe5 dxe5 22. Qd3 Qd7 23. Kg2 Rxf1 24. Rxf1 Rf8 25. Rxf8+ Kxf8 26. Qf1+ Qf7 27. Qd1 Qg6 28. Qd3 Qf7 29. Qd1 Qg6 30. Qd3 Qf7 1/2-1/2

[Event "AUT-chT2 (Women) 2122"]
[Site "Austria"]
[Date "2022.04.03"]
[Round "6.1"]
[White "Egger, Stefanie"]
[Black "Maslikova, Veronika"]
[Result "0-1"]
[WhiteElo "1627"]
[BlackElo "2230"]
[PlyCount "96"]
[EventDate "2021.10.17"]
[EventType "team-tourn"]
[EventRounds "7"]
[EventCountry "AUT"]
[SourceTitle "EXT 2024"]
[Source "ChessBase"]
[SourceDate "2023.10.10"]
[SourceVersion "1"]
[SourceVersionDate "2023.10.10"]
[SourceQuality "1"]
[WhiteTeam "Gloggnitz (W)"]
[BlackTeam "Pamhagen (W) III"]
[WhiteTeamCountry "AUT"]
[BlackTeamCountry "AUT"]

1. d4 d6 2. c4 Nf6 3. Nc3 g6 4. e4 Bg7 5. Nf3 0-0 6. Be2 Nbd7 7. 0-0 c6 8. Ne1 e5 9. d5 cxd5 10. cxd5 Nc5 11. f3 a5 12. Be3 Bd7 13. Nd3 b6 14. b3 Ne8 15. Nxc5 bxc5 16. Bc4 Kh8 17. Rb1 f5 18. Qd2 f4 19. Bf2 g5 20. Bb5 g4 21. Bxd7 Qxd7 22. Kh1 Rf6 23. fxg4 Qxg4 24. Qd1 Qg5 25. Qf3 Ra7 26. Rb2 Raf7 27. Bg1 Rf8 28. h3 Rh6 29. Bh2 Nf6 30. Nb5 Nh5 31. Kg1 Ng3 32. Rff2 Qg6 33. Nc3 Nh5 34. Nb5 Ng3 35. Nc3 Bf6 36. Qd3 Bh4 37. Rf3 Rg8 38. Qc2 Rh5 39. Qd3 Rg5 40. Qc2 Nh5 41. Nb5 Bg3 42. Nc3 Nf6 43. Bxg3 Rxg3 44. Rxg3 Qxg3 45. Kh1 f3 46. Qf2 fxg2+ 47. Kg1 Qg5 48. h4 Qc1+ 0-1

[Event "AUT-ch U16 Girls"]
[Site "St Veit"]
[Date "2021.10.27"]
[Round "4.4"]
[White "Egger, Stefanie"]
[Black "Valtiner, Valentina"]
[Result "1-0"]
[WhiteElo "1627"]
[BlackElo "1150"]
[PlyCount "97"]
[EventDate "2021.10.25"]
[EventType "swiss"]
[EventRounds "7"]
[EventCountry "AUT"]
[SourceTitle "EXT 2023"]
[Source "ChessBase"]
[SourceDate "2022.10.05"]
[SourceVersion "1"]
[SourceVersionDate "2022.10.05"]
[SourceQuality "1"]

1. d4 e5 2. dxe5 Nc6 3. Nf3 Qe7 4. Nc3 Nxe5 5. e4 c6 6. Be3 d6 7. Nxe5 Qxe5 8. f4 Qe7 9. Qf3 f5 10. 0-0-0 Nf6 11. Bd3 fxe4 12. Nxe4 d5 13. Nxf6+ Qxf6 14. Rhe1 Kd8 15. f5 Bd6 16. Bf4 Bxf4+ 17. Qxf4 g5 18. Qe3 Kc7 19. Qg3+ Kb6 20. Qf2+ Kc7 21. c4 b6 22. cxd5 cxd5 23. Qg3+ Kb7 24. Bb5 Bxf5 25. Re3 Rac8+ 26. Rc3 d4 27. Qf3+ Kb8 28. Qg3+ Kb7 29. Qf3+ Kb8 30. Ba6 Rxc3+ 31. bxc3 Qf7 32. Rxd4 Re8 33. Rc4 Re7 34. Qd1 Qe8 35. Qd6+ Ka8 36. Qd5+ Kb8 37. Qxf5 Re1+ 38. Kb2 Qe2+ 39. Qc2 Qe6 40. Rc8+ Qxc8 41. Bxc8 Kxc8 42. Qf5+ Kb7 43. Qxg5 Re2+ 44. Kb3 a5 45. Qd5+ Ka7 46. Qd7+ Kb8 47. Qd8+ Kb7 48. Qd5+ Kc7 49. Qc4+ 1-0

[Event "EU-ch Hybrid U16 Girls"]
[Site "Tornelo INT"]
[Date "2021.10.15"]
[Round "3"]
[White "Egger, Stefanie"]
[Black "Mihaljevic, Eva"]
[Result "1/2-1/2"]
[WhiteElo "1627"]
[BlackElo "1708"]
[PlyCount "73"]
[EventDate "2021.10.15"]
[EventType "swiss"]
[EventRounds "9"]
[EventCountry "NET"]
[SourceTitle "EXT 2023"]
[Source "ChessBase"]
[SourceDate "2022.10.05"]
[SourceVersion "1"]
[SourceVersionDate "2022.10.05"]
[SourceQuality "1"]
[WhiteTeam "Austria"]
[BlackTeam "Croatia"]
[WhiteTeamCountry "AUT"]
[BlackTeamCountry "CRO"]

1. d4 e6 2. c4 b6 3. Nc3 Bb4 4. e4 Bb7 5. Bd3 f5 6. Qe2 Nf6 7. Bg5 fxe4 8. Bxf6 Qxf6 9. Bxe4 Nc6 10. 0-0-0 0-0-0 11. Nf3 Rhf8 12. Qc2 Bxc3 13. Qxc3 g5 14. Rd2 d6 15. d5 Ne5 16. Nxe5 dxe5 17. f3 exd5 18. Bxd5 Bxd5 19. Rxd5 Rxd5 20. cxd5 Qf4+ 21. Kb1 Rd8 22. Qd3 Qd4 23. Qxh7 Rxd5 24. Qg8+ Kb7 25. Qg6 Rb5 26. Qe4+ Qxe4+ 27. fxe4 Rb4 28. Re1 Rd4 29. Kc2 Kc6 30. h3 Kd6 31. g3 c5 32. h4 gxh4 33. gxh4 Ke6 34. h5 Kf6 35. Rf1+ Kg7 36. Rf5 Rxe4 37. Kd3 1/2-1/2

[Event "AUT-ch U16 Girls Online Rapid"]
[Site "Playchess.com INT"]
[Date "2020.12.13"]
[Round "1"]
[White "Egger, Stefanie"]
[Black "Jeitler, Selina"]
[Result "1/2-1/2"]
[WhiteElo "1570"]
[BlackElo "1540"]
[PlyCount "104"]
[EventDate "2020.12.13"]
[EventType "tourn (rapid)"]
[EventRounds "7"]
[EventCountry "AUT"]
[SourceTitle "EXT 2022"]
[Source "ChessBase"]
[SourceDate "2021.10.06"]
[SourceVersion "1"]
[SourceVersionDate "2021.10.06"]
[SourceQuality "1"]

1. d4 d5 2. c4 Nf6 3. Nf3 e6 4. Nc3 Be7 5. e3 0-0 6. Bd3 c6 7. 0-0 Nbd7 8. e4 dxe4 9. Nxe4 Qc7 10. Bg5 h6 11. Bh4 b6 12. Bc2 Bb7 13. Qd3 g6 14. Bg3 Qd8 15. Ne5 Nxe4 16. Qxe4 Nf6 17. Qd3 c5 18. Nxg6 Be4 19. Nxe7+ Qxe7 20. Qd2 cxd4 21. Bd3 e5 22. Bxe4 Nxe4 23. Qxh6 Nxg3 24. hxg3 f6 25. Qg6+ Qg7 26. Qxg7+ Kxg7 27. Rfe1 Rac8 28. b3 Rfd8 29. Rad1 Kf7 30. Re4 Ke6 31. g4 a6 32. f4 b5 33. cxb5 axb5 34. fxe5 fxe5 35. Rde1 Rd5 36. Kf2 Rc2+ 37. R4e2 Rxe2+ 38. Rxe2 d3 39. Rd2 e4 40. Ke3 Ke5 41. g3 Rc5 42. Kf2 Rc2 43. Ke3 Rc1 44. a4 Re1+ 45. Kf2 Rb1 46. a5 Rxb3 47. a6 Ra3 48. Rb2 Rxa6 49. Rxb5+ Ke6 50. Ke3 Ra4 51. Rf5 Rc4 52. Rf4 Ke5 1/2-1/2

[Event "AUT-ch U16 Girls Online Rapid"]
[Site "Playchess.com INT"]
[Date "2020.12.13"]
[Round "3"]
[White "Egger, Stefanie"]
[Black "Stadlinger, Lea"]
[Result "0-1"]
[WhiteElo "1576"]
[BlackElo "1521"]
[PlyCount "62"]
[EventDate "2020.12.13"]
[EventType "tourn (rapid)"]
[EventRounds "7"]
[EventCountry "AUT"]
[SourceTitle "EXT 2022"]
[Source "ChessBase"]
[SourceDate "2021.10.06"]
[SourceVersion "1"]
[SourceVersionDate "2021.10.06"]
[SourceQuality "1"]

1. d4 d5 2. Nf3 e6 3. c4 c6 4. e3 Nf6 5. Nbd2 Bd6 6. Bd3 0-0 7. 0-0 Nbd7 8. e4 dxe4 9. Nxe4 Nxe4 10. Bxe4 Nf6 11. Bc2 b6 12. Qd3 Bb7 13. Bg5 g6 14. h4 Be7 15. Bh6 Re8 16. Ne5 c5 17. Qg3 Nh5 18. Qg4 f5 19. Qd1 Bxh4 20. g3 Bg5 21. Bxg5 Qxg5 22. dxc5 bxc5 23. Nf3 Qg4 24. Ne5 Qh3 25. f3 Rad8 26. Qe2 Qxg3+ 27. Qg2 Qxe5 28. f4 Nxf4 29. Qxb7 Qd4+ 30. Rf2 Nh3+ 31. Kf1 Qxf2# 0-1

[Event "AUT-ch U16 Girls Online Rapid"]
[Site "Playchess.com INT"]
[Date "2020.12.13"]
[Round "6"]
[White "Hiebner, Carina"]
[Black "Egger, Stefanie"]
[Result "0-1"]
[WhiteElo "1546"]
[BlackElo "1567"]
[PlyCount "80"]
[EventDate "2020.12.13"]
[EventType "tourn (rapid)"]
[EventRounds "7"]
[EventCountry "AUT"]
[SourceTitle "EXT 2022"]
[Source "ChessBase"]
[SourceDate "2021.10.06"]
[SourceVersion "1"]
[SourceVersionDate "2021.10.06"]
[SourceQuality "1"]

1. d4 d5 2. Bf4 Nf6 3. e3 e6 4. Nf3 Bd6 5. Bg3 0-0 6. Nbd2 c5 7. c3 Qc7 8. dxc5 Bxg3 9. hxg3 Qxc5 10. Bd3 Nc6 11. Qe2 e5 12. Nb3 Qe7 13. Ng5 e4 14. Bc2 h6 15. Nh3 Ne5 16. Nd4 Nc6 17. Nf4 Nxd4 18. exd4 Bf5 19. 0-0-0 a6 20. Rde1 Rfe8 21. f3 b5 22. Bb3 Rad8 23. Bc2 Rd7 24. Rhf1 b4 25. Qe3 a5 26. Ba4 bxc3 27. bxc3 Qa3+ 28. Kd2 Qxa4 29. Rc1 Qxa2+ 30. Rc2 Qc4 31. Ra1 Ra7 32. Re1 a4 33. g4 Bh7 34. Rcc1 a3 35. Ra1 Rb8 36. Kc1 a2 37. Kd2 Rb2+ 38. Kc1 Qb3 39. Rxa2 Raxa2 40. Qd2 Ra1# 0-1

[Event "AUT-ch U16 Girls Online Blitz"]
[Site "Playchess.com INT"]
[Date "2020.12.11"]
[Round "3"]
[White "Egger, Stefanie"]
[Black "Vicze, Zsofia"]
[Result "1/2-1/2"]
[WhiteElo "1538"]
[BlackElo "1696"]
[PlyCount "75"]
[EventDate "2020.12.11"]
[EventType "tourn (blitz)"]
[EventRounds "7"]
[EventCountry "AUT"]
[SourceTitle "EXT 2022"]
[Source "ChessBase"]
[SourceDate "2021.10.06"]
[SourceVersion "1"]
[SourceVersionDate "2021.10.06"]
[SourceQuality "1"]

1. d4 d5 2. Nf3 Nf6 3. c4 Bf5 4. e3 e6 5. Bd3 Bg6 6. Nc3 Be7 7. 0-0 0-0 8. b3 c5 9. cxd5 Nxd5 10. Bb2 Nc6 11. Nxd5 Qxd5 12. Bc4 Qf5 13. dxc5 Bxc5 14. Nh4 Qg5 15. Nxg6 Qxg6 16. Rc1 Rfd8 17. Qe2 Bd6 18. Qf3 Rac8 19. Rfd1 Qh6 20. h3 b6 21. Bb5 Ne5 22. Bxe5 Bxe5 23. Qe4 Bf6 24. Qf3 Qg6 25. Bc4 Rxd1+ 26. Rxd1 Qc2 27. Qe2 Qxe2 28. Bxe2 Rc2 29. Bc4 Rxa2 30. Kf1 g6 31. Rd3 Bh4 32. g3 Bf6 33. Rd7 Kg7 34. Rb7 Kf8 35. Rb8+ Kg7 36. Rb7 Kg8 37. Rb8+ Kg7 38. Rb7 1/2-1/2

[Event "AUT-ch Vor4 Internet"]
[Site "Playchess.com INT"]
[Date "2020.04.25"]
[Round "6"]
[White "Egger, Stefanie"]
[Black "Ostermann, Anton"]
[Result "0-1"]
[WhiteElo "1442"]
[BlackElo "1847"]
[PlyCount "144"]
[EventDate "2020.04.25"]
[EventType "swiss (blitz)"]
[EventRounds "9"]
[EventCountry "AUT"]
[SourceTitle "EXT 2021"]
[Source "ChessBase"]
[SourceDate "2020.10.23"]
[SourceVersion "1"]
[SourceVersionDate "2020.10.23"]
[SourceQuality "1"]

1. d4 d5 2. Nf3 c6 3. c4 e6 4. Nc3 Nf6 5. e3 Be7 6. Bd3 Nbd7 7. 0-0 b6 8. b3 Bb7 9. Bb2 0-0 10. e4 dxe4 11. Nxe4 Nxe4 12. Bxe4 Nf6 13. Bc2 c5 14. Qd3 Be4 15. Qd2 Bxc2 16. Qxc2 cxd4 17. Bxd4 Bc5 18. Bxc5 bxc5 19. Rad1 Qc7 20. Rfe1 Rad8 21. Rxd8 Rxd8 22. Rd1 h6 23. Rxd8+ Qxd8 24. Qd2 Qc7 25. a3 Qb7 26. Qc3 Qe4 27. h3 Qb1+ 28. Kh2 Ne4 29. Qe3 Qc2 30. Ne5 f5 31. Nd7 Qxf2 32. Qxf2 Nxf2 33. Nxc5 Kf7 34. Kg3 Nd1 35. b4 Ne3 36. Nd3 Nxc4 37. a4 Ke7 38. Kf4 g5+ 39. Kf3 Nb6 40. Nc5 Nd5 41. b5 Kd6 42. Nd3 Nc3 43. Nb2 e5 44. Ke3 Nd5+ 45. Kd3 Nb6 46. Nc4+ Nxc4 47. Kxc4 e4 48. Kd4 Kc7 49. a5 h5 50. Ke3 Kd6 51. g3 Kc5 52. g4 hxg4 53. hxg4 f4+ 54. Kf2 Kxb5 55. a6 Kxa6 56. Ke2 Kb6 57. Kf2 Kc5 58. Ke2 Kd4 59. Kf2 a5 60. Ke2 a4 61. Kd1 a3 62. Kc2 e3 63. Kb3 e2 64. Kxa3 e1Q 65. Kb3 Qe5 66. Kc2 Qc5+ 67. Kd2 Qc3+ 68. Ke2 Qe3+ 69. Kf1 Qd2 70. Kg1 Ke3 71. Kh1 Kf3 72. Kg1 Qg2# 0-1

[Event "AUT-ch Vor4 Internet"]
[Site "Playchess.com INT"]
[Date "2020.04.25"]
[Round "7"]
[White "Steirer, Gerhard"]
[Black "Egger, Stefanie"]
[Result "1-0"]
[WhiteElo "1854"]
[BlackElo "1442"]
[PlyCount "91"]
[EventDate "2020.04.25"]
[EventType "swiss (blitz)"]
[EventRounds "9"]
[EventCountry "AUT"]
[SourceTitle "EXT 2021"]
[Source "ChessBase"]
[SourceDate "2020.10.23"]
[SourceVersion "1"]
[SourceVersionDate "2020.10.23"]
[SourceQuality "1"]

1. e4 e5 2. Nc3 Bc5 3. d3 Nc6 4. Nf3 h6 5. Be3 Bb6 6. Be2 Nf6 7. 0-0 0-0 8. Nd5 Bxe3 9. fxe3 d6 10. c3 Be6 11. c4 Nb8 12. Nd2 Nbd7 13. Qe1 c6 14. Nxf6+ Nxf6 15. Qg3 Nh5 16. Bxh5 g6 17. Bxg6 fxg6 18. Qxg6+ Kh8 19. Qxh6+ Kg8 20. Qxe6+ Kh8 21. Qh6+ Kg8 22. Rxf8+ Qxf8 23. Qxf8+ Rxf8 24. Rf1 Rxf1+ 25. Kxf1 d5 26. cxd5 cxd5 27. exd5 b5 28. e4 a5 29. Nf3 Kf7 30. Nxe5+ Ke7 31. Nc6+ Kd6 32. Nxa5 b4 33. h4 b3 34. axb3 Ke5 35. h5 Kd4 36. h6 Kxd3 37. h7 Kxe4 38. d6 Kd5 39. d7 Kc5 40. d8Q Kb4 41. Qd4+ Kxa5 42. h8Q Kb5 43. Qhe5+ Kc6 44. Qdd6+ Kb7 45. Qee7+ Kc8 46. Qdd8# 1-0

[Event "AUT-ch U14 Girls"]
[Site "St Veit"]
[Date "2019.06.09"]
[Round "4.3"]
[White "Egger, Stefanie"]
[Black "Stepanyan, Viktorya"]
[Result "1-0"]
[WhiteElo "1197"]
[BlackElo "857"]
[PlyCount "115"]
[EventDate "2019.06.08"]
[EventType "swiss"]
[EventRounds "7"]
[EventCountry "AUT"]
[SourceTitle "EXT 2024"]
[Source "ChessBase"]
[SourceDate "2023.10.10"]
[SourceVersion "1"]
[SourceVersionDate "2023.10.10"]
[SourceQuality "1"]

1. d4 d5 2. c4 e6 3. Nf3 c6 4. g3 Nd7 5. Bg2 Ngf6 6. 0-0 Be7 7. Qc2 0-0 8. Nbd2 h6 9. e4 c5 10. cxd5 exd5 11. e5 Nh7 12. Re1 cxd4 13. Nxd4 Bc5 14. N4b3 Qc7 15. Nxc5 Nxe5 16. Bxd5 Rd8 17. Bg2 Nd3 18. Rd1 Nxc5 19. Ne4 Rxd1+ 20. Qxd1 Nxe4 21. Bxe4 Nf6 22. Bg2 a6 23. Bf4 Qd7 24. Qb3 Qe6 25. Qxe6 fxe6 26. Rd1 g5 27. Bc7 Ne8 28. Rd8 Kf7 29. Be5 Ke7 30. Rd3 a5 31. Rb3 Nd6 32. Bxd6+ Kxd6 33. Bxb7 Bxb7 34. Rxb7 Rc8 35. Rb6+ Rc6 36. Rxc6+ Kxc6 37. Kf1 Kc5 38. Ke2 a4 39. Kd3 Kb4 40. Ke4 e5 41. Kxe5 a3 42. bxa3+ Kxa3 43. Kf6 g4 44. Kg6 Kxa2 45. Kxh6 Kb3 46. Kg5 Kc4 47. Kxg4 Kd5 48. Kf5 Kd6 49. Kf6 Kd5 50. h4 Ke4 51. h5 Kf3 52. h6 Kg2 53. h7 Kf3 54. h8Q Ke4 55. Qh7+ Kf3 56. Qf5+ Kg2 57. g4 Kh3 58. g5+ 1-0